000 00600nam a2200169 i 4500
001 70479
003 ES-MaACL
005 20230906170829.0
007 t|
008 040726s1933 sp ||||1| spa d
100 1 _aGarcía Valdecasas, Juan Guillermo.
_955356
245 1 0 _aLeyes de la distribución de la riqueza
_b: Universidad de Granada : discurso leído en la apertura del curso académico de 1933 a 1934 /
_cpor Juan Guillermo García Valdecasas.
260 _aGranada :
_bLópez Guevara,
_c1933.
300 _a48 p.
710 2 _aUniversidad de Granada.
_97176
852 _aES-MaACL
_j1769-F-7
999 _c70479
_d70479